| 000 | 00596cam a22002171i 4500 | ||
|---|---|---|---|
| 001 | agr39000408 | ||
| 003 | DLC | ||
| 005 | 20260227110957.0 | ||
| 008 | 801017s1938 gw a 001 0 ger | ||
| 010 | _aagr39000408 | ||
| 035 | _a(OCoLC)6834518 | ||
| 040 |
_aDLC _cIU _dDLC |
||
| 042 | _apremarc | ||
| 050 | 0 | 0 |
_aSF997 _b.H4 |
| 100 | 1 | _aHeidegger, Eduard. | |
| 245 | 1 | 0 |
_aPelztierkrankheiten und ihre Bekämpfung / _cvon E. Heidegger. |
| 260 |
_aMünchen : _bF.C. Mayer, _c1938. |
||
| 300 |
_a172 p. : _bill. ; _c23 cm. |
||
| 500 | _aIncludes index. | ||
| 650 | 0 |
_aFur-bearing animals _xDiseases. |
|
| 999 |
_c9956 _d9956 |
||